Second Meeting Of The ASEAN Coordinators Of Customs Training Centres (ACCTC) (Record no. 4418)

000 -LEADER
fixed length control field nam a22 a 4500
005 - DATE AND TIME OF LATEST TRANSACTION
control field 20170530092133.0
008 - FIXED-LENGTH DATA ELEMENTS--GENERAL INFORMATION
fixed length control field 170530b2000 my ||||| |||| 00| 0 eng d
040 ## - CATALOGING SOURCE
Original cataloging agency AKMAL
245 10 - TITLE STATEMENT
Title Second Meeting Of The ASEAN Coordinators Of Customs Training Centres (ACCTC)
260 ## - PUBLICATION, DISTRIBUTION, ETC.
Place of publication, distribution, etc. [Melaka] :
Name of publisher, distributor, etc. [Royal Customs Academy Malaysia],
Date of publication, distribution, etc. 2000
300 ## - PHYSICAL DESCRIPTION
Extent various paging (loose-leaf) ;
Dimensions 30 cm
610 1# - SUBJECT ADDED ENTRY--CORPORATE NAME
Corporate name or jurisdiction name as entry element ASEAN Coordinators Of Customs
9 (RLIN) 8588
650 10 - SUBJECT ADDED ENTRY--TOPICAL TERM
Topical term or geographic name entry element Customs Administration
General subdivision Law and legislation
9 (RLIN) 6000
710 10 - ADDED ENTRY--CORPORATE NAME
Corporate name or jurisdiction name as entry element Royal Malaysian Customs
9 (RLIN) 7731
942 ## - ADDED ENTRY ELEMENTS (KOHA)
Source of classification or shelving scheme
Koha item type Book
950 ## - LOCAL HOLDINGS (RLIN)
Permanent shelving location, LOC (RLIN) AKMAL
Holdings
Withdrawn status Lost status Source of classification or shelving scheme Damaged status Not for loan Collection code Home library Current library Shelving location Date acquired Total Checkouts Barcode Date last seen Price effective from Koha item type
          NON-FICTION AKMAL Melaka AKMAL Melaka RUJUKAN 30.05.2017   201706484 30.05.2017 30.05.2017 Book
          NON-FICTION AKMAL Melaka AKMAL Melaka RUJUKAN 30.05.2017   201706485 30.05.2017 30.05.2017 Book
Pusat Sumber Maklumat Dato' Haji Sarmin Md Hussin, Akademi Kastam Diraja Malaysia, Melaka
Tel: 06-2331106 | Faks: 06-2313787